000 00231nam a2200097Ia 4500
001 706227
005 20250826162445.0
008 250824s9999 xx 000 0 und d
245 0 _aYUFKA YÜREK
_cDOSTOYEVSKİ
260 _bCAN YAYINLARI
999 _c706227
_d706227